Statistics for Every Airport in Shanghai

Click here to take the quiz!

General Stats

  • This quiz has been taken 17 times
  • The average score is 4 of 6

Answer Stats

Airports% Correct
Hongqiao International Airport
100%
Pudong International Airport
100%
Longhua Airport
71%
Dachang Airport
64%
Jiangwan Airport
36%
Chongming Airport
29%

Score Distribution

Percentile by Number Answered

Percent of People with Each Score

Your Score History

You have not taken this quiz